Word Vocabulary - SHO - Statistics

General Stats
  • This quiz has been taken 247 times
    235 since last reset
  • The average score is 15 of 20
Answer Stats
word % Correct
show
97%
shop
93%
shock
92%
shore
90%
shoo
89%
short
88%
shot
88%
shoe
86%
shod
84%
shone
75%
shoot
74%
shove
74%
shoal
63%
shorn
61%
shown
61%
shook
58%
shout
55%
shake, jolt shog
53%
should
53%
young weaned pig shoat
41%
No matching quizzes found
Score Distribution
Percent of People with Each Score
Percentile by Number Answered
Your Score History
You have not taken this quiz since the last reset